02018nam a2200325 i 4500003001000000005001700010007000300027008004100030020001700071020001500088040003500103041000800138082001900146100002800165245010800193250002200301264005400323300004900377336002700426337003300453338002800486500003600514500005700550500005600607520092200663650001801585650002001603650003501623700003401658CO-BoRNBP20250226101617.0ta231009t2021 ck a|||g| 001 0|spa | a978958491936 a9584291939 aCO-BoRNBPbspaerdacCO-BoRNBP0 hspa04a305.4092bP41t1 aPlaquetad1983-eautora11a#Tu barrio te respaldabbreve historia ilustrada de las mujeres/cPlaqueta; ilustraciones por Andonella aPrimera edición aBogotá, ColombiabPlaneta Colombiana S.A.c2021 a189 páginasbilustraciones a colorc23 cm  atextobtxt2rdacontent asin mediaciónbn2rdamedia avolumenbnc2rdacarrier aIncluye un póster y stickers. aAndonella es el seudónimo de Andrea Arsuaga Alfaro aPlaqueta es el seudónimo de Tamara de Anda Prieto3 aEn este primer tomo, recorrimos desde la era de las cavernas hasta el voto universal. Nuestra misión: recordar a todas las genias que se salieron del huacal y lucharon para que hoy tengamos los mismos derechos que los señores. Mujeres que no fueron reconocidas y tienen historias increíbles que deberíamos saber. Descubrimos que las piratas existieron, que una mujer creó el primer programa de computación y que las bicis son un símbolo de liberación femenina. ¡Ya estuvo bueno de que nos borren de la historia! Por eso te contamos, de forma hiperresumida, estos primeros 50 momentos en los que hackeamos el sistema. Amiga, date cuenta: el feminismo no es una moda, es una lucha que lleva siglos. Para sumarte, hay que conocer a las que estuvieron antes que nosotras y saber que ¡tu barrio feminista te respalda! ¡Incluye un póster coleccionable con todas estas ídolas y stickers increíbles!17aMujeres2LEMB17aFeminismo2LEMB17aVida social y costumbres2LEMB1 aAndonellad1991-eilustradora